Every Country's Biggest Metro Area - Statistics

General Stats
  • This quiz has been taken 32 times
    16 since last reset
  • The average score is 149 of 194
Answer Stats
Country Metro Area Pop. Answer % Correct
Ghana 5,200,000 Accra
92%
Ethiopia 3,900,000 Addis Ababa
92%
Algeria 4,025,000 Algiers
92%
Greece 3,500,000 Athens
92%
Azerbaijan 2,625,000 Baku
92%
Colombia 9,800,000 Bogota
92%
Belgium 2,725,000 Brussels
92%
Hungary 2,625,000 Budapest
92%
Argentina 16,600,000 Buenos Aires
92%
Egypt 21,500,000 Cairo
92%
Guinea 2,600,000 Conakry
92%
Denmark 1,690,000 Copenhagen
92%
Djibouti 604,000 Djibouti
92%
China 47,600,000 Guangzhou
92%
Guatemala 3,200,000 Guatemala City
92%
Cuba 2,225,000 Havana
92%
Finland 1,320,000 Helsinki
92%
Afghanistan 4,475,000 Kabul
92%
Democratic Republic of the Congo 13,900,000 Kinshasa
92%
Togo 2,175,000 Lome
92%
Angola 8,450,000 Luanda
92%
Belarus 2,050,000 Minsk
92%
Bahamas 246,000 Nassau
92%
Cyprus 256,000 Nicosia
92%
France 11,400,000 Paris
92%
Haiti 3,325,000 Port-Au-Prince
92%
Czechia 1,460,000 Prague
92%
Costa Rica 2,375,000 San Jose
92%
El Salvador 1,880,000 San Salvador
92%
Chile 7,800,000 Santiago
92%
Dominican Republic 4,000,000 Santo Domingo
92%
Brazil 22,600,000 Sao Paulo
92%
Bulgaria 1,300,000 Sofia
92%
Australia 5,400,000 Sydney
92%
Estonia 535,000 Tallinn
92%
Georgia 1,360,000 Tbilisi
92%
Germany 5,650,000 The Ruhr
92%
Albania 705,000 Tirana
92%
Canada 6,555,000 Toronto
92%
Austria 2,225,000 Vienna
92%
Armenia 1,500,000 Yerevan
92%
Croatia 1,240,000 Zagreb
92%
Jordan 5,700,000 Amman
83%
Paraguay 2,375,000 Asuncion
83%
New Zealand 1,490,000 Auckland
83%
Iraq 7,150,000 Baghdad
83%
Mali 3,675,000 Bamako
83%
Thailand 19,400,000 Bangkok
83%
Central African Republic 1,230,000 Bangui
83%
Lebanon 1,790,000 Beirut
83%
Serbia 1,430,000 Belgrade
83%
Guinea-Bissau 485,000 Bissau
83%
Slovakia 677,000 Bratislava
83%
Republic of the Congo 2,350,000 Brazzaville
83%
Romania 2,200,000 Bucharest
83%
Venezuela 3,775,000 Caracas
83%
Senegal 3,925,000 Dakar
83%
Syria 3,900,000 Damascus
83%
India 31,300,000 Delhi
83%
Bangladesh 20,300,000 Dhaka
83%
East Timor 272,000 Dili
83%
United Arab Emirates 5,700,000 Dubai
83%
Ireland 1,400,000 Dublin
83%
Guyana 419,000 Georgetown
83%
Vietnam 10,600,000 Ho Chi Minh City
83%
Turkey 16,200,000 Istanbul
83%
Indonesia 32,100,000 Jakarta
83%
South Africa 14,200,000 Johannesburg
83%
Uganda 3,675,000 Kampala
83%
Pakistan 18,200,000 Karachi
83%
Nepal 3,200,000 Kathmandu
83%
Sudan 6,500,000 Khartoum
83%
Ukraine 3,475,000 Kiev
83%
Jamaica 914,000 Kingston
83%
St. Vincent and the Grenadines 51,000 Kingstown
83%
Malaysia 9,150,000 Kuala Lumpur
83%
Kuwait 4,500,000 Kuwait City
83%
Nigeria 20,100,000 Lagos
83%
Peru 11,100,000 Lima
83%
Portugal 2,500,000 Lisbon
83%
United Kingdom 14,800,000 London
83%
Zambia 2,800,000 Lusaka
83%
Luxembourg 194,000 Luxembourg
83%
Spain 6,700,000 Madrid
83%
Nicaragua 1,350,000 Managua
83%
Philippines 26,300,000 Manila
83%
Mozambique 2,350,000 Maputo
83%
Mexico 21,800,000 Mexico City
83%
Italy 6,150,000 Milan
83%
Somalia 2,000,000 Mogadishu
83%
Monaco 37,000 Monaco
83%
Liberia 1,650,000 Monrovia
83%
Uruguay 1,870,000 Montevideo
83%
Russia 17,400,000 Moscow
83%
Kenya 6,100,000 Nairobi
83%
United States of America 21,800,000 New York City
83%
Norway 1,210,000 Oslo
83%
Panama 1,560,000 Panama City
83%
Papua New Guinea 364,000 Port Moresby
83%
North Korea 2,975,000 Pyongyang
83%
Iceland 232,000 Reykjavik
83%
Latvia 823,000 Riga
83%
Saudi Arabia 8,400,000 Riyadh
83%
Netherlands 3,275,000 Rotterdam/The Hague
83%
Yemen 2,900,000 Sana'a
83%
Bosnia and Herzegovina 519,000 Sarajevo
83%
Liechtenstein 6,000 Schaan
83%
South Korea 25,000,000 Seoul
83%
Sweden 2,250,000 Stockholm
83%
Fiji 309,000 Suva
83%
Taiwan 9,150,000 Taipei
83%
Uzbekistan 3,300,000 Tashkent
83%
Iran 15,500,000 Tehran
83%
Israel 2,725,000 Tel Aviv-Yafo
83%
Japan 40,500,000 Tokyo
83%
Libya 1,290,000 Tripoli
83%
Tunisia 2,725,000 Tunis
83%
Mongolia 1,430,000 Ulaanbaatar
83%
Lithuania 729,000 Vilnius
83%
Poland 2,350,000 Warsaw
83%
Ivory Coast 5,750,000 Abidjan
75%
Kazakhstan 2,175,000 Almaty
75%
Andorra 37,000 Andorra La Vella
75%
Madagascar 2,750,000 Antananarivo
75%
Eritrea 761,000 Asmara
75%
Gambia 1,010,000 Banjul
75%
Belize 131,000 Belize City
75%
Morocco 4,550,000 Casablanca
75%
Sri Lanka 4,825,000 Colombo
75%
Tanzania 6,450,000 Dar Es Salaam
75%
Qatar 2,300,000 Doha
75%
Tajikistan 1,030,000 Dushanbe
75%
Botswana 521,000 Gaborone
75%
Ecuador 3,200,000 Guayaquil
75%
Zimbabwe 2,075,000 Harare
75%
South Sudan 526,000 Juba
75%
Rwanda 1,230,000 Kigali
75%
Bahrain 1,570,000 Manama
75%
Lesotho 782,000 Maseru
75%
Oman 1,330,000 Muscat
75%
Niger 1,350,000 Niamey
75%
Montenegro 203,000 Podgorica
75%
Mauritius 500,000 Port Louis
75%
Kosovo 497,000 Pristina
75%
Sao Tome and Principe 177,000 Sao Tome
75%
Singapore 7,900,000 Singapore
75%
North Macedonia 634,000 Skopje
75%
Bhutan 147,000 Thimphu
75%
Seychelles 87,000 Victoria
75%
Laos 948,000 Vientiane
75%
Namibia 480,000 Windhoek
75%
Myanmar 5,750,000 Yangon
75%
Cameroon 3,500,000 Yaounde
75%
Switzerland 1,450,000 Zurich
75%
Turkmenistan 1,440,000 Ashgabat
67%
Kyrgyzstan 1,120,000 Bishkek
67%
Barbados 278,000 Bridgetown
67%
Moldova 663,000 Chisinau
67%
Sierra Leone 1,860,000 Freetown
67%
Gabon 873,000 Libreville
67%
Slovenia 572,000 Ljubljana
67%
Maldives 154,000 Male
67%
Chad 1,610,000 N'Djamena
67%
Burkina Faso 2,650,000 Ouagadougou
67%
Suriname 359,000 Paramaribo
67%
Cambodia 2,575,000 Phnom Penh
67%
Bolivia 2,175,000 Santa Cruz
67%
Grenada 40,000 St. George's
67%
Brunei 316,000 Bandar Seri Begawan
58%
Equatorial Guinea 300,000 Bata/Malabo
58%
Burundi 1,408,000 Bujumbura
58%
Malawi 1,090,000 Lilongwe
58%
Eswatini 350,000 Mbabane/Manzini
58%
Mauritania 1,310,000 Nouakchott
58%
Trinidad and Tobago 250,000 Port of Spain/Chaguanas
58%
Cape Verde 269,000 Praia
58%
Antigua and Barbuda 52,000 St. John's
58%
Solomon Islands 154,000 Honiara
50%
Vanuatu 100,000 Port Vila
50%
Dominica 33,000 Roseau
50%
St. Lucia 91,000 Castries
42%
Benin 1,890,000 Cotonou
42%
Tuvalu 6,300 Funafuti
42%
Comoros 379,000 Moroni
42%
Samoa 96,000 Apia
33%
St. Kitts and Nevis 19,000 Basseterre
33%
Marshall Islands 28,000 Majuro
25%
Honduras 1,230,000 San Pedro Sula
25%
Palau 11,000 Koror
17%
Kiribati 70,000 Tarawa
17%
Malta 291,000 Birkirkara
8%
Tonga 75,000 Nuku'Alofa
8%
San Marino 11,000 Serravalle
8%
Micronesia 49,000 Weno
8%
No matching quizzes found
Score Distribution
Percent of People with Each Score
Percentile by Number Answered
Your Score History
You have not taken this quiz since the last reset